Catálogo público

Sistemas de cosechas en gramíneas y leguminosas forrajeras tropicales / por Luis Rafael Pérez Villegas (Record no. 216839)

MARC details
000 -CABECERA
campo de control de longitud fija 00729nam a2200205Ia 4500
001 - NÚMERO DE CONTROL
campo de control Z_595
008 - DATOS DE LONGITUD FIJA--INFORMACIÓN GENERAL
campo de control de longitud fija 220601s9999 xx 000 0 und d
090 ## - LOCALMENTE ASIGNADO TIPO-LC NÚMERO DE CLASIFICACIÓN (OCLC); NÚMERO DE CLASIFICACIÓN LOCAL (RLIN)
Número de clasificación (OCLC) (R) ; Numero de clasificación, CALL (RLIN) (NR) Tesis P 189
100 ## - ENTRADA PRINCIPAL--NOMBRE DE PERSONA
Nombre de persona Pérez Villegas, Luis Rafael
9 (RLIN) 90096
245 ## - MENCIÓN DE TÍTULO
Título Sistemas de cosechas en gramíneas y leguminosas forrajeras tropicales / por Luis Rafael Pérez Villegas
260 ## - PUBLICACIÓN, DISTRIBUCIÓN, ETC.
Lugar de publicación, distribución, etc. Chapingo, Méx. : El autor
300 ## - DESCRIPCIÓN FÍSICA
Extensión 65 h.
502 ## - NOTA DE TESIS
Nota de tesis Tesis (Ing. Agrónomo Esp. en Zootecnia) -- UACH. Departamento de Zootecnia
650 ## - PUNTO DE ACCESO ADICIONAL DE MATERIA--TÉRMINO DE MATERIA
Término de materia o nombre geográfico como elemento de entrada 1. Pastos - Trópicos 2. Leguminosas - Trópicos 3. ForrajesÌ
9 (RLIN) 177366
901 ## - ELEMENTOS DE DATOS A LOCAL LDA (RLIN)
a TESIS P 189
902 ## - ELEMENTOS DE DATOS B LOCAL, LDB (RLIN)
a M
905 ## - ELEMENTOS DE DATOS E LOCAL, LDE (RLIN)
a 0000001980 0000000000 00
942 ## - ELEMENTOS DE PUNTO DE ACCESO ADICIONAL (KOHA)
Tipo de ítem Koha Tesis_
Holdings
Estado de retiro Estado de pérdida Fuente del sistema de clasificación o colocación Estado dañado Restricciones de uso No para préstamo Código de colección Localización permanente Ubicación/localización actual Fecha de adquisición Fuente de adquisición Total de préstamos Signatura topográfica completa Código de barras Fecha visto por última vez Número de copia Precio válido a partir de Tipo de ítem Koha
    Clasificación Universidad Autónoma de Chapingo   Préstamo interno   Tesis Zootecnia Zootecnia 09/11/2005 El autor   Tesis V55 189 1980 5101000276 02/06/2022 Ej.1 02/06/2022 Tesis
    Clasificación Universidad Autónoma de Chapingo   Préstamo 5 días   Tesis Zootecnia Zootecnia 18/07/2006 El autor   Tesis V55 189 1980 5101000277 02/06/2022 Ej.2 02/06/2022 Tesis